Избрани творби (Запис номер 206413)
[ съкратено ]
| 000 -Лидер | |
|---|---|
| Контролно поле с фиксирана дължина | 01999nam a2200325 c 4500 |
| 003 - Код на организацията, давaща контролен номер | |
| Контролно поле | BLK |
| 005 - Дата и час на последна редакция | |
| Контролно поле | 20180422120809.0 |
| 008 - Елементи от данни с фиксирана дължина | |
| fixed length control field | 180411b bul|||||r ||||||| ||bul|| |
| 010 ## - Наследен системен номер | |
| LC control number | KNG00216162000 |
| 040 ## - Източник на каталожния запис | |
| Идентификатор на билиотеката - собственик на записа | BLK |
| 041 ## - Код за език | |
| Код за езика на текст/звукозапис или на отделно заглавие | Български |
| Код за езика КДБФ | Български |
| 080 ## - УДК | |
| Текстов определител УДК | Френска литература |
| УДК код - определител по УДК | 821.133.1 |
| УДК определител | -1 |
| УДК - код + определител | 821.133.1-1 |
| 080 ## - УДК | |
| Текстов определител УДК | Френска литература |
| УДК код - определител по УДК | 821.133.1 |
| УДК определител | -2 |
| УДК - код + определител | 821.133.1-2 |
| 080 ## - УДК | |
| Текстов определител УДК | Френска литература |
| УДК код - определител по УДК | 821.133.1 |
| УДК определител | -31 |
| УДК - код + определител | 821.133.1-31 |
| 100 1# - Редна дума - Автор | |
| Автор | Юго, Виктор |
| Авторска отговорност | първи автор |
| R(LIN) | 366073 |
| 139 ## - Редно поле | |
| Редна дума | Юго, Виктор |
| Авторски знак | Юг - Ю 13 |
| 245 10 - Сведения за заглавието | |
| Заглавие | Избрани творби |
| Редно поле (дума) | Виктор Юго; прев. от фр. Ваня Петкова. |
| 257 ## - Страна на издаване | |
| Страна на създаване/издаване | Франция |
| 260 ## - Област на издателските данни | |
| -- | София |
| Име на издателя, разпространителя и проч. | Нар. култура |
| Година на издаване | 1984 |
| 300 ## - Физическа характеристика | |
| Страници | 832 с. |
| Размери/Мащаб | 21 см |
| 380 ## - Жанр | |
| Жанр | Худож. лит. |
| 490 1# - СЕРИИ (Колекции) | |
| Име на серия | Библиотека Световна класика |
| 500 ## - Общи забележки | |
| Забележка | Прев. е направен от Oeuvres poetiques completes ; Oeuvres dramatiques completes ; Notre dame de Paris / Victor Hugo Други прев. : К. Георгиева, П. Симов, А. Тодоров, В. Петров, Д. Стефанов, Л. Прангов, Гр. Ленков, Й. Янков, Г. Мицков, Н. Соколов, А. Радева, Д. Симидов, Л. Станчев, Ат. Далчев, Ал. Муратов, Н. Кехлибарева, Ив. Давидков, К. Константинова, М. Дикова, Калина Малина, Ив. Теофилов, Л. Сталева. - В кн. означено 2. и 4. изд 80 125 тир. - Съдържа : Стихотворения ; Кралят се забавлява ; Парижката Света Богородица. |
| 700 1# - Други автори (авторска отговорност) | |
| Лично име | Петкова, Ваня |
| Автороска отговорност (Описва отношението между автора и произведението) | прев. от фр. |
| Друга информация | Хатидже Садик |
| 9 (RLIN) | 366901 |
| 852 ## - Местоположение | |
| Форматна сигнатура | Цб 128617 |
| 856 4# - Електронен адрес и достъп | |
| Електронен формат | pdf - файл |
| Път до файла /url/ | |
| 856 4# - Електронен адрес и достъп | |
| Електронен формат | pdf - файл |
| Път до файла /url/ | |
| 942 ## - АРТИКУЛИ | |
| Вид на библиотечния материал | Книги |
| Скрит в OPAC | Не |
| 944 ## - СЪЗДАВАНЕ И РЕДАКЦИЯ на ЗАПИСА | |
| Създаване/Редакция | Създаване |
| Дата на регистрацията/редакция | 16.02.2018 |
| Служител, извършил регистрацията/редакцията | Грета_Цуфелде |
| 944 ## - СЪЗДАВАНЕ И РЕДАКЦИЯ на ЗАПИСА | |
| Създаване/Редакция | Редакция |
| Дата на регистрацията/редакция | 16.02.2018 |
| Служител, извършил регистрацията/редакцията | Грета_Цуфелде |
| 999 ## - СИСТЕМНИ КОНТРОЛНИ НОМЕРА | |
| Koha biblionumber | 206413 |
| Koha biblioitemnumber | 206413 |
| Код за отписване | Код за изгубен артикул | Източник на класификационната схема | Код за повреда | Коз за рестрикции | Код за отдаване | Артикулен № | Име на библиотеката - собственик | Име на библиотеката, в която се намира в момента | Статус (Текущо местоположение) | Дата на вписване в системата | Местоположение - отдел | Цена в лева | Инвентарен номер | Систематично азбучна сигнатура | Баркод | Номер на екземпляра | Цена в евро | Служебна бележка | Служебен тип на артикула |
|---|---|---|---|---|---|---|---|---|---|---|---|---|---|---|---|---|---|---|---|
| Не е изгубен | Universal Decimal Classification | Не е повреден | без рестрикции | ползва се в читалня | 355165 | Регионална библиотека "Любен Каравелов" Русе | Регионална библиотека "Любен Каравелов" Русе | Хранилище | 1984-01-01 | Хранилище | 5.47 | 411197 | Цб 128617 | 900000012196 | 1 | 2.80 | N: стар фонд Дата: 01.01.1984 | Книги | |
| Изтеглен | Не е изгубен | Universal Decimal Classification | Не е повреден | без рестрикции | заемане за дома | 355166 | Регионална библиотека "Любен Каравелов" Русе | Регионална библиотека "Любен Каравелов" Русе | Заемна - подръчен фонд | 1984-01-01 | Заемна - подръчен фонд | 5.47 | 411478 | П 840-1/Ю 13 | 411478 | 2 | 2.80 | N: стар фонд Дата: 01.01.1984 Дата инв: 16.02.2018 Бележки инв: П2018 | Книги |
| Изтеглен | Не е изгубен | Universal Decimal Classification | Не е повреден | без рестрикции | заемане за дома | 355167 | Регионална библиотека "Любен Каравелов" Русе | Регионална библиотека "Любен Каравелов" Русе | Заемна - подръчен фонд | 1984-01-01 | Заемна - подръчен фонд | 5.47 | 411476 | П 840-1/Ю 13 | 411476 | 3 | 2.80 | N: стар фонд Дата: 01.01.1984 | Книги |
| Не е изгубен | Universal Decimal Classification | Не е повреден | без рестрикции | заемане за дома | 355168 | Регионална библиотека "Любен Каравелов" Русе | Регионална библиотека "Любен Каравелов" Русе | Заемна - подръчен фонд | 1984-01-01 | Заемна - подръчен фонд | 5.47 | 411475 | П 840-1/Ю 13 | 120000411475 | 4 | 2.80 | N: стар фонд Дата: 01.01.1984 Дата инв: 16.02.2018 Бележки инв: П2018 | Книги |